01005cam a2200277 i 450000100090000000300040000900500170001300800410003001000170007102000180008804000280010604200080013405000230014208200190016510000390018424501830022325000210040626400410042730000440046833600260051233700280053833800270056650000720059365000260066570000360069120153774OSt20250610121919.0171127s2018 maua 000 0 eng  a 2017055980 a9789390219452 aDLCbengcDLCerdadDLC apcc00aHD30.27b.W56 201800a658.403bKEA/F1 aWilson, J. Holton,d1942-eauthor.10aForecasting & Predictive Analytics :bwith ForecastX /cBarry Keating, University of Notre Dame, J. Holton Wilson, Central Michigan University, John Galt Solutions, Inc. Chicago. aSeventh edition. 1aBoston :bMcGraw-Hill/Irwin,c[2018] axix, 593 pages :billustrations ;c24 m atextbtxt2rdacontent aunmediatedbn2rdamedia avolumebnc2rdacarrier aJ. Holton Wilson appears as first named author on earlier editions. 0aBusiness forecasting.1 aKeating, Barry,d1945-eauthor.